Entrepreneurship education in teaching of economic subjects in secondary schools in the Slovak Republic

Didaktický základ podnikateľského vzdelávania. Podnikateľské vzdelávanie na stredných školách Slovenskej republiky. Úloha a príprava učiteľov na podnikateľské vzdelávanie.

Gespeichert in:
Bibliographische Detailangaben
1. Verfasser: Velichová, Ľudmila
Weitere Verfasser: Orbánová, Darina
Format: Buchkapitel
Sprache:Englisch
Schlagworte:
Tags: Tag hinzufügen
Keine Tags, Fügen Sie das erste Tag hinzu!

MARC

LEADER 00000nla a2200000 4500
001 0151860
005 20240502083347.1
041 0 |a eng 
044 |a CZ 
245 1 0 |a Entrepreneurship education in teaching of economic subjects in secondary schools in the Slovak Republic  |c Ľudmila Velichová, Darina Orbánová 
520 |a Didaktický základ podnikateľského vzdelávania. Podnikateľské vzdelávanie na stredných školách Slovenskej republiky. Úloha a príprava učiteľov na podnikateľské vzdelávanie. 
610 2 0 |a vzdelávanie 
610 2 0 |a podnikanie 
610 2 0 |a školy stredné 
610 2 0 |a Slovensko 
100 1 |a Velichová, Ľudmila 
700 1 |a Orbánová, Darina